000 00499pam a2200181 4500
001 2212
005 20181127164743.0
008 880516s1989 nyua b 001 0 eng
010 _a 88017187
020 _a047161596X
100 1 _aGup, Benton E.
245 1 4 _aThe basics of investing /
_cBenton E. Gup.
250 _a4th ed.
260 _aNew York :
_bWiley,
_cc1989.
300 _axiv, 462 p. :
_bill. ;
_c25 cm.
504 _aIncludes bibliographical references and index.
650 0 _aInvestments.
999 _c1751
_d1751